Online
Catalog

Casas reales : (Record no. 4309)

MARC details
000 -CABECERA
campo de control de longitud fija 01107nam a2200241 a 4500
001 - NÚMERO DE CONTROL
campo de control 000004500
005 - FECHA Y HORA DE LA ÚLTIMA TRANSACCIÓN
campo de control 20200929151441.0
008 - DATOS DE LONGITUD FIJA--INFORMACIÓN GENERAL
campo de control de longitud fija 090723s2008 dr a 001 0 spa d
040 ## - FUENTE DE LA CATALOGACIÓN
Centro catalogador/agencia de origen DO-SdBNP
Lengua de catalogación spa
Centro/agencia transcriptor BNPHU
082 ## - NÚMERO DE LA CLASIFICACIÓN DECIMAL DEWEY
Número de clasificación 016.
Número de documento/Ítem M835c
100 1# - ENTRADA PRINCIPAL--NOMBRE DE PERSONA
Nombre de persona Moré, Gustavo Luis
9 (RLIN) 13153
245 10 - MENCIÓN DE TÍTULO
Título Casas reales :
Resto del título órgano del museo de las Casas Reales, No. 26, Santo Domingo República Dominicana. /
Mención de responsabilidad, etc. Gustavo Luis Moré ; prólogo Eugenio Pérez Montás.
246 14 - FORMA VARIANTE DE TÍTULO
Título propio/Titulo breve Casas reales : manual bibliográfico sobre la arquitectura y el urbanismo en la historia del Gran Caribe 1492-2000
260 ## - PUBLICACIÓN, DISTRIBUCIÓN, ETC.
Lugar de publicación, distribución, etc. Santo Domingo :
Nombre del editor, distribuidor, etc. Secretaría de Estado de Cultura : Museo de las Casas Reales,
Fecha de publicación, distribución, etc. 2008.
300 ## - DESCRIPCIÓN FÍSICA
Extensión XXIX, 435 p. :
Otras características físicas il. ;
Dimensiones 27 cm.
490 1# - MENCIÓN DE SERIE
Mención de serie Casas reales
Designación de volumen o secuencia 26
500 ## - NOTA GENERAL
Nota general Incluye índice.
650 #4 - PUNTO DE ACCESO ADICIONAL DE MATERIA--TÉRMINO DE MATERIA
Término de materia o nombre geográfico como elemento de entrada Arquitectura
Subdivisión general Bibliografías
-- Catálogos
-- Historia
9 (RLIN) 13154
650 #4 - PUNTO DE ACCESO ADICIONAL DE MATERIA--TÉRMINO DE MATERIA
Término de materia o nombre geográfico como elemento de entrada Urbanismo
Subdivisión general Historia
-- Bibliografías
9 (RLIN) 13155
700 1# - PUNTO DE ACCESO ADICIONAL--NOMBRE DE PERSONA
Nombre de persona Pérez Montás, Eugenio
Término indicativo de función/relación pról.
9 (RLIN) 13156
710 1# - PUNTO DE ACCESO ADICIONAL--NOMBRE DE ENTIDAD CORPORATIVA
Nombre de entidad corporativa o nombre de jurisdicción como elemento de entrada Patronato de la Ciudad Colonial de Santo Domingo (República Dominicana)
9 (RLIN) 13157
830 #0 - PUNTO DE ACCESO ADICIONAL DE SERIE-TÍTULO UNIFORME
Título uniforme Casas reales
Número de parte o sección de la obra 26
9 (RLIN) 13158
Holdings
Estado de retiro Estado de pérdida Fuente del sistema de clasificación o colocación Restricciones de uso No para préstamo Código de colección Localización permanente Ubicación/localización actual Ubicación en estantería Fecha de adquisición Número de inventario Total de préstamos Signatura topográfica completa Código de barras Fecha visto por última vez Número de copia Precio válido a partir de Tipo de ítem Koha
    Dewey Decimal Classification     Dominicana de Servicio Biblioteca Nacional Pedro Henríquez Ureña Biblioteca Nacional Pedro Henríquez Ureña En catalogación 24.07.2009 LF1   016. M835c 4500-30 25.06.2020 e. 3 25.06.2020 Libro y Folleto Colección Dominicana de Servicio
    Dewey Decimal Classification     Dominicana de Servicio Biblioteca Nacional Pedro Henríquez Ureña Biblioteca Nacional Pedro Henríquez Ureña En catalogación 29.04.2011 LF1   016. M835c 4500-40 25.06.2020 e. 4 25.06.2020 Libro y Folleto Colección Dominicana de Servicio
    Dewey Decimal Classification     Dominicana de Servicio Biblioteca Nacional Pedro Henríquez Ureña Biblioteca Nacional Pedro Henríquez Ureña En catalogación 29.04.2011 LF1   016. M835c 4500-50 25.06.2020 e. 5, extraviado 25.06.2020 Libro y Folleto Colección Dominicana de Servicio
        Excluido de préstamo Patrimonio Dominicano Patrimonio Dominicano Patrimonio Dominicano En catalogación 23.07.2009 LF1   016. M835c 4500-10 25.06.2020   25.06.2020 Libro y Folleto Colección Patrimonio Dominicano
        Excluido de préstamo Patrimonio Dominicano Patrimonio Dominicano Patrimonio Dominicano En catalogación 23.07.2009 LF1   016. M835c 4500-20 25.06.2020 e. 2 25.06.2020 Libro y Folleto Colección Patrimonio Dominicano

Powered by Koha